| 000 | 01560cam a2200193 a 4500 | ||
|---|---|---|---|
| 999 |
_c2296 _d2296 |
||
| 020 | _a0072392916 | ||
| 020 | _a9780072392913 | ||
| 050 | 0 | 0 |
_aHD30.22 _b.M39 |
| 100 | 1 | _aMaurice, S. Charles. | |
| 245 | 1 | 0 |
_aManagerial economics / _cS. Charles Maurice, Christopher R. Thomas. |
| 250 | _a7th ed. | ||
| 260 |
_aBoston : _bMcGraw-Hill, _c2002. |
||
| 300 |
_axxii, 761 p. : _bill. (some col.) ; _c23 cm. |
||
| 500 | _aIncludes index. | ||
| 505 | _aPart I: Some Preliminaries Chapter 1: Managers, Profits and Markets Chapter 2: Demand, Supply and Market Equilibrium Chapter 3: Elasticity and Demand Chapter 4: Theory of Optimization Chapter 5: Basic Estimation Techniques Part II: Demand Analysis Chapter 6: Theory of Consumer Behavior Chapter 7: Empirical Demand Analysis Chapter 8: Demand Forecasting Part III: Production and Cost Analysis Chapter 9: Production and Cost in the Short Run Chapter 10: Production and Cost in the Long Run Chapter 11: Empirical Analysis of Production and Cost Part IV: Profit Maximization in Various Market Structures Chapter 12: Managerial Decisions in Competitive Markets Chapter 13: Managerial Decisions for Firms with Market Power. Chapter 14: Strategic Decision Making in Oligopoly Markets Chapter 15: Cooperation in Oligopoly Markets Chapter 16: Multiple Plants, Markets, and Products Part V: Risk and Uncertainty Chapter 17: Decisions under Risk and Uncertainty Chapter 18: Investment Decision | ||
| 650 | 0 | _aManagerial economics. | |
| 700 | 1 | _aThomas, Christopher R. | |
| 942 | _cBK | ||